ENCYCLOPEDIA OF EARTH / (Record no. 172101)

MARC details
000 -LEADER
fixed length control field 01388nam a22003257i 4500
003 - CONTROL NUMBER IDENTIFIER
control field PPAK
005 - DATE AND TIME OF LATEST TRANSACTION
control field 20190418110011.0
007 - PHYSICAL DESCRIPTION FIXED FIELD--GENERAL INFORMATION
fixed length control field ta
008 - FIXED-LENGTH DATA ELEMENTS--GENERAL INFORMATION
fixed length control field 181114t20182015-ukoa||j e||| 00| 0 eng d
020 ## - INTERNATIONAL STANDARD BOOK NUMBER
International Standard Book Number 9781786174345
Terms of availability RM84.90
Qualifying information paperback
040 ## - CATALOGING SOURCE
Original cataloging agency PPAK
Language of cataloging eng
Transcribing agency PPAK
Description conventions rda
082 04 - DEWEY DECIMAL CLASSIFICATION NUMBER
Edition number 23
Classification number 550.3
090 00 - LOCALLY ASSIGNED LC-TYPE CALL NUMBER (OCLC); LOCAL CALL NUMBER (RLIN)
Classification number (OCLC) (R) ; Classification number, CALL (RLIN) (NR) 550.3
Feature heading FAR
Feature heading RK
100 1# - MAIN ENTRY--PERSONAL NAME
Personal name Farndon, John
Relator term author
245 10 - TITLE STATEMENT
Title ENCYCLOPEDIA OF EARTH /
Statement of responsibility, etc. John Farndon, Steve Parker ; Edited by Rosie Neave, Claire Philip ; Designed by Simon Lee
264 #1 - PRODUCTION, PUBLICATION, DISTRIBUTION, MANUFACTURE, AND COPYRIGHT NOTICE
Place of production, publication, distribution, manufacture Essex, United Kingdom :
Name of producer, publisher, distributor, manufacturer Miles Kelly Publishing Ltd.,
Date of production, publication, distribution, manufacture, or copyright notice 2018
Date of production, publication, distribution, manufacture, or copyright notice ©2015
300 ## - PHYSICAL DESCRIPTION
Extent 384 pages :
Other physical details colour photographs, colour illustrations ;
Dimensions 23 cm
336 ## - CONTENT TYPE
Source rdacontent
Content type term text
337 ## - MEDIA TYPE
Source rdamedia
Media type term unmediated
338 ## - CARRIER TYPE
Source rdacarrier
Carrier type term volume
500 ## - GENERAL NOTE
General note Includes index
520 ## - SUMMARY, ETC.
Summary, etc. This comprehensive book takes a detailed look at our planet - its atmosphere and weather, volcanoes and earthquakes, rivers, oceans and threats to habitats. Accessible bulleted facts, photographs, realistic artwork and detailed diagrams throughout make this series a fantastic resource for school projects or homework.
650 10 - SUBJECT ADDED ENTRY--TOPICAL TERM
Topical term or geographic name entry element Earth (Planet)
Form subdivision Encyclopedias, Juvenile
Topical term or geographic name entry element Physical geography
Form subdivision Encyclopedias, Juvenile
700 1# - ADDED ENTRY--PERSONAL NAME
Personal name Parker, Steve
Relator term author
Personal name Neave, Rosie
Relator term editor
Personal name Lee, Simon
Relator term designer
942 ## - ADDED ENTRY ELEMENTS (KOHA)
Source of classification or shelving scheme Dewey Decimal Classification
Koha item type Book
Holdings
Withdrawn Not for loan Current library Shelving location Date acquired Full call number Barcode Date last seen Koha item type
  Not For Loan Perpustakaan Alor Setar Rujukan Kanak-kanak 24/04/2019 RK 550.3 FAR A01598675 24/04/2019 Book
  Not For Loan Perpustakaan Awam Sungai Petani Rujukan Kanak-kanak 24/04/2019 RK 550.3 FAR A01598676 24/04/2019 Book
  Not For Loan Perpustakaan Baling Rujukan Kanak-kanak 24/04/2019 RK 550.3 FAR A01598679 24/04/2019 Book
  Not For Loan Perpustakaan Kulim Rujukan Kanak-kanak 24/04/2019 RK 550.3 FAR A01598678 24/04/2019 Book
  Not For Loan Perpustakaan Langkawi Rujukan Kanak-kanak 24/04/2019 RK 550.3 FAR A01598677 24/04/2019 Book